Top 20 des meilleurs coureurs de l'univers Cars - Statistiques

Statistiques générales
  • Ce quiz a été pris 104 fois
  • Le résultat moyen est 9 sur 20
Statistiques - réponses
Mph Personnages % Correct
01 225 mph198 mph Flash / McQueen
100%
03 214 mph Jackson / Storm
78%
11 ≈ 200 mph Chick / Hicks
77%
02 220 mph Francesco / Bernoulli
73%
09 202 mph The King
73%
04 210 mph Cruz / Ramirez
69%
20 124 mph Raoul / ÇaRoule
58%
16 189 mph Lewis / Hamilton
52%
08 203 mph Shu / Todoroki
43%
07 205 mph Hudson / Hornet
42%
06 206 mph Carla / Veloso
38%
12 198mph Miguel / Camino
36%
19 160 mph Max / Schnell
33%
10 200 mph Jeff / Gorvette
29%
18 180 mph Nigel / Gearsley
27%
13 199 mph Rip / Clutchgoneski
24%
05 208 mph Danny / Swervez
10%
17 185 mph Louise / Nash
9%
15 190 mph Junior / Moon
8%
14 194 mph River / Scott
7%
Aucun quiz correspondant
Distribution des résultats
% des personnes avec chaque résultat
Percentile par nombre de réponses
Votre historique - résultats
Vous n’avez pas pris ce quiz